| 000 | 00718cam a22002292 4500 | ||
|---|---|---|---|
| 001 | 0000019855 | ||
| 005 | 20151217152203.0 | ||
| 008 | 110222s xx 000 0 eng d | ||
| 020 | _a0538750851 : | ||
| 040 |
_aKABU _cKABU |
||
| 100 | 1 |
_aStice, Earl K. _@0000179828 |
|
| 245 | 1 | 0 |
_aFinancial accounting concepts / _cEarl K. Stice, James D. Stice, W. Steve Albrecht. |
| 250 | _a11th ed. | ||
| 260 |
_aMason, OH : _bSouth-Western, _c2011. |
||
| 300 | _a1 V. (various paging) ; | ||
| 650 | 0 |
_aAccounting. _@0000148321 |
|
| 700 | 1 |
_aStice, James D. _@0000179266 |
|
| 700 | 1 |
_aAlbrecht, W. Steve. _@0000151846 |
|
| 852 | 1 | _9p6368.70 KES | |
| 908 | _a110222 | ||
| 950 | _@1 | ||
| 999 |
_c9103 _d9103 |
||